Los pueblos indígenas en América (Abya Yala) (Registro nro. 3986)
[ vista simple ]
| 000 -LEADER | |
|---|---|
| fixed length control field | 01339 a2200229 4500 |
| 001 - CONTROL NUMBER | |
| control field | 45717 |
| 005 - DATE AND TIME OF LATEST TRANSACTION | |
| control field | 20260407155729.0 |
| 008 - FIXED-LENGTH DATA ELEMENTS--GENERAL INFORMATION | |
| fixed length control field | 260407a2018 arg spa d |
| 003 - CONTROL NUMBER IDENTIFIER | |
| control field | AR-UNSa-BCEJYS |
| 040 ## - CATALOGING SOURCE | |
| Original cataloging agency | AR-UNSa-BCEJYS |
| Language of cataloging | spa |
| Transcribing agency | AR-UNSa-BCEJYS |
| 080 ## - UNIVERSAL DECIMAL CLASSIFICATION NUMBER | |
| Universal Decimal Classification number | 342.7:39 |
| Common auxiliary subdivision | Derechos Humanos de los Pueblos Indígenas |
| 020 ## - INTERNATIONAL STANDARD BOOK NUMBER | |
| International Standard Book Number | 978-92-1-121974-6 |
| 041 ## - LANGUAGE CODE | |
| Language code of text/sound track or separate title | spa |
| 100 1# - MAIN ENTRY--PERSONAL NAME | |
| Personal name | Del Popolo, Fabiana |
| 245 10 - TITLE STATEMENT | |
| Title | Los pueblos indígenas en América (Abya Yala) |
| Name of part/section of a work | desafíos para la igualdad en la diversidad |
| 264 #1 - PRODUCTION, PUBLICATION, DISTRIBUTION, MANUFACTURE, AND COPYRIGHT NOTICE | |
| Place of production, publication, distribution, manufacture | Santiago de Chile : |
| Name of producer, publisher, distributor, manufacturer | CEPAL (Comisión Económica para América Latina y el Caribe) |
| Date of production, publication, distribution, manufacture, or copyright notice | 2018 |
| 300 ## - PHYSICAL DESCRIPTION | |
| Extent | 532 p. |
| Dimensions | 22 cm. |
| 505 ## - FORMATTED CONTENTS NOTE | |
| Formatted contents note | 1. Antecedentes sociopolítico de los derechos de los pueblos indígenas en América Latina – 2. Construcción de la demografía de los pueblos indígenas : la relevancia de contar – 3. Derechos territoriales y movilidad espacial de los pueblos indígenas en América Latina – 4. El derecho de los pueblos indígenas al bienestar – 5. El derecho de los pueblos indígenas a la información – 6. Desafíos para avanzar hacia la igualdad en la diversidad : hallazgos y recomendaciones de políticas. |
| 590 ## - LOCAL NOTE (RLIN) | |
| Local note | niveau_biblio:m niveau_hierar:0 |
| 856 41 - ELECTRONIC LOCATION AND ACCESS | |
| Uniform Resource Identifier | <a href="https://www.biblioeco.unsa.edu.ar/pmb/images/libros/L127168.jpg">https://www.biblioeco.unsa.edu.ar/pmb/images/libros/L127168.jpg</a> |
| Link text | Imagen de portada |
| Electronic format type | image/jpeg |
| 942 ## - ADDED ENTRY ELEMENTS (KOHA) | |
| Koha item type | |
| Withdrawn status | Lost status | Damaged status | Not for loan | Home library | Current library | Shelving location | Date acquired | Total checkouts | Full call number | Barcode | Date last seen | Price effective from | Koha item type |
|---|---|---|---|---|---|---|---|---|---|---|---|---|---|
| Biblioteca Prof. Eusebio Cleto del Rey | Biblioteca Prof. Eusebio Cleto del Rey | 07/04/2026 | 342.7:39 D331 | L127168 | 07/04/2026 | 07/04/2026 | Libro |